| 000 | 00366nam a22001337a 4500 | ||
|---|---|---|---|
| 003 | SGT | ||
| 020 | _a9789382676478 | ||
| 082 |
_a346.022 _bRAI |
||
| 100 | _aRAI ,KAILASH | ||
| 245 |
_aCONTRACT I _bGENERAL PRINCIPLES OF CONTRACT (SECTIONS 1-75) & SPECIFIC RELIEF ACT |
||
| 260 |
_aALLAHABAD _bCENTRAL LAW PUBLICATION _c2019 |
||
| 300 | _aXXXII,528 | ||
| 942 |
_2ddc _cBK _07 |
||
| 999 |
_c19748 _d19748 |
||